000
00333nam a22001457a 4500
008
230616b ||||| |||| 00| 0 eng d
020
_a
9781454850045
041
_a
eng
080
_2
NINTH EDITION
_a
34
082
_a
34BES
100
_a
30
101
_a
JURE
245
_a
EVIDENCE EXAMPLES EXPLANATIONS
_c
BEST.A
942
_2
udc
_c
BK
999
_c
60001
_d
60001